Rousseau and the modern state

Na minha lista:
Detalhes bibliográficos
Autor principal: Cobban, Alfred (Author)
Formato: Livro
Idioma:inglês
Publicado em: Londres George Allen and Unwin 1964
Edição:2a. ed
Assuntos:
Tags: Adicionar Tag
Sem tags, seja o primeiro a adicionar uma tag!

MARC

LEADER 00000nam a2200000 a 4500
001 UCT6983
003 CL-VaPUC
008 970113e19640000UK |||||||||||||||||eng|d
082 0 4 |a 320.01  |b COB  |2 21 
100 0 |a Cobban, Alfred  |e author  |9 377483 
245 1 0 |a Rousseau and the modern state 
250 |a 2a. ed 
300 |a 181 p 
942 |c BK 
945 |d 19970113 00:00:00  |a lriquelm 
260 |a Londres  |b George Allen and Unwin  |c 1964 
650 0 |a Estado  |9 255503 
650 0 |a Política  |9 255312 
650 7 |a TEORIA POLITICA  |2 CL-VaPUC  |9 377484 
650 7 |a NACION  |2 CL-VaPUC  |9 320308 
650 0 |a Libertad  |9 255686 
650 7 |a PLURALISMO SOCIAL  |2 CL-VaPUC  |9 377485 
583 |a last modification  |c 19970113 00:00:00  |k Rodrigo Vera 
999 |c 255648  |d 255646 
952 |0 0  |1 0  |4 0  |6 320_010000000000000_COB_1964  |7 0  |8 P  |9 277998  |a BIBDER  |b BIBDER  |d 2019-11-19  |i 1802542  |o 320.01 COB 1964  |p 1802542  |r 2023-01-25  |w 2019-11-19  |y BK  |k DER